Entrepreneurship / (Record no. 5303)

MARC details
000 -LEADER
fixed length control field 02194cam a22001934a 4500
020 ## - INTERNATIONAL STANDARD BOOK NUMBER
ISBN 0132281740
050 00 - CALL NUMBER
Classification number HB615
Item number .L265
100 1# - AUTHOR
Personal name Lambing, Peggy A.
245 10 - TITLE
Title Entrepreneurship /
Statement of responsibility, etc Peggy A. Lambing, Charles R. Kuehl.
250 ## - EDITION
Edition statement 4th ed.
260 ## - PUBLICATION INFORMATION
Place of publication Upper Saddle River, N.J. :
Name of publisher Pearson Prentice Hall,
Year of publication c2007.
300 ## - DESCRIPTION
Number of Pages xvii, 316 p. :
Other physical details ill. ;
Dimensions 26 cm +
Accompanying material 1 CD-ROM (4 3/4 in.).
500 ## - NOTES
General note Includes index
505 ## - FORMATTED CONTENTS NOTE
Table of Content Part I. The Contemporary World of Entrepreneurship --<br/>Chapter 1. The Entrepreneurial Revolution --<br/>Chapter 2. Entrepreneurship: An Evolving Concept --<br/>Chapter 3. Entrepreneurship: Developing Entrepreneurship in the Corporation --<br/><br/>Part II. The Entrepreneurial Perspective --<br/>Chapter 4. Understanding the Entrepreneurial Perspective in Individuals --<br/>Chapter 5. Developing Creativity and Understanding Innovation --<br/>Chapter 6. Ethical and Social Responsibility Challenges for Entrepreneurs --<br/><br/><br/>Part III. Developing the Entrepreneurial Plan --<br/>Chapter 7. Environmental Assessment: Preparation for a New Venture --<br/>Chapter 8. Marketing Research for New Ventures --<br/>Chapter 9. Financial Preparation for Entrepreneurial Ventures --<br/>Chapter 10. Developing an Effective Business Plan --<br/><br/><br/>Part IV. Initiating Entrepreneurial Ventures --<br/>Chapter 11. Assessment and Evaluation of Entrepreneurial Opportunities --<br/>Chapter 12. Legal Structures for New Business Ventures --<br/>Chapter 13. Legal Issues Related to Emerging Ventures --<br/>Chapter 14. Sources of Capital for Entrepreneurs --<br/><br/>Part V. Growth and Development of Entrepreneurial Ventures --<br/>Chapter 15. Strategic Planning for Emerging Ventures --<br/>Chapter 16. Managing Entrepreneurial Growth --<br/>Chapter 17. Global Opportunities for Entrepreneurs --<br/><br/>Part VI. Contemporary Challenges in Entrepreneurship --<br/>Chapter 18. Valuation of Business Ventures --<br/>Chapter 19. Management Succession and Continuity: A Family Business Perspective --<br/>Chapter 20. Minority Entrepreneurship --<br/>Chapter 21. Total Quality and the Human Factor: Continuous Challenges for Entrepreneurs.
650 #0 - SUBJECTS
Topical Term Entrepreneurship.
650 #0 - SUBJECTS
Topical Term Entrepreneurship
700 1# - OTHER AUTHORS
Personal name Kuehl, Charles R.
942 ## - ADDED ENTRY ELEMENTS (KOHA)
Koha item type Books
Holdings
Withdrawn status Lost status Collection code Home library Current library Shelving location Date acquired Full call number Accession Number Koha item type
    Reference Methodist University Library Main Methodist University Library Main General Stacks 19/06/2019 HB615 .L265 36711 Books
    Reference Methodist University Library Main Methodist University Library Main General Stacks 19/06/2008 HB615 .L265 20322 Books
Copyright © 2026  MUG Library